000 00762nam a2200241Ia 4500
003 OSt
005 20220923215205.0
006 a|||||r|||| 00| 0
007 ta
008 220922b |||||||| |||| 00| 0 hin d
024 _a176,441
037 _cTextual
040 _aARTS
_cARTS
_bhin
041 _2hin
_ahin
082 _aO152,1:g, N3
100 _aमुजावर, सरदार
245 0 _aहिन्दी गजल के विविध आयाम
246 _aHindī gajal ke vividh āyāma
260 _aनई दिल्ली
_b भूमिका प्रकाशन
_c1993
300 _a330 पृ.
_ccm.
942 _hO152,1:g, N3
_cTEXL
_2CC
999 _c329991
_d329991